| 000 | 05928ncm0a2200577 4500 | ||
|---|---|---|---|
| 001 | RU\NLR\ONIZ\194136 | ||
| 005 | 20250614044237.0 | ||
| 035 | _aRU\NLR\ONIZ\lanatalya\5000000163\20110209194136 | ||
| 035 | _a(NLR Aleph) 010403110 | ||
| 090 |
_a9716932 _c9716932 |
||
| 100 | _a20110209d2010 |||y0rusy50 ca | ||
| 101 | 0 |
_aeng _arus |
|
| 102 | _aRU | ||
| 125 | _azx | ||
| 128 |
_awz _avr _ainv _amr _anc _aprd _ard _asch _ast _ahum |
||
| 145 | 0 | _ab | |
| 200 | 1 |
_aАльбом для детей и юношества _bНоты _eдля фп. _dAlbum for children and young people _efor piano _zeng _fВ. Соловьев |
|
| 210 |
_aСанкт-Петербург _cЗнакъ _d2010 |
||
| 215 |
_a52 с. _cил. _d30 см |
||
| 300 | _aНа с. 2-3 обл. : ст. авт. | ||
| 300 | _aНа с. 2 обл. : дарств. надпись авт. | ||
| 313 | _aСистематизация документа проведена по изданию - Методика классифицирования музыкальных произведений (нотных изданий) по таблицам Библиотечно-библиографических классификаций : метод. рекомендации / Гос. б-ка СССР им. В.И. Ленина.- М., 1977. Индексу ББК методических рекомендаций присваивается код ББК для научных библиотек - LBC/SL | ||
| 327 | 1 |
_a1. Лёгкий марш = Easy march; _a2. Кукольный вальс = Waltz of dolls; _a3. Полька - Юлька = Polka - Julka; _a4. Проснись и действуй : (Юмореска) = To waken and to work : (Humoreska); _a5. Трудный урок : (Этюд) = Diffikalet lesson : (Etude); _a6. Пасмурное утро : (Прелюдия) = Misty Morning : (Prelude); _a7. Пейзаж с дождём : (Ноктюрн) = Landscape with rain : (Nocturne); _a8. Солнечные зайчики : (Инвенция) = Sunligt reflection : (Invention); _a9. Колыбельная = Lullaby; _a10. Цирк приехал : (Скерцо) = Circus coming : (Scherzo); _a11. Летний вальс : (Танец) = Summer waltz : (Dance); _a12. На лесной опушке : (Вариации) = On forest glade : (Variations); _a13. Каникулы : (Рондо) = Holidays : (Rondo); _a14. Сказка = Fairy - tale; _a15. Старинный танец = Old - fashioned dance; _a16. Школьный день : (Сонатина) = School day : (Sonatina) |
|
| 464 | 0 |
_12001#$aЛёгкий марш$dEasy march$zeng _1215##$aС.2-3 _1686##$aЩ954.298-058.53(2Р=Р)$vLBC/SL$2rubbk _tЛёгкий марш |
|
| 464 | 0 |
_12001#$aКукольный вальс$zeng$dWaltz of dolls _1215##$aС.4-5 _1686##$aЩ954.298-058.55(2Р=Р)$vLBC/SL$2rubbk _tКукольный вальс |
|
| 464 | 0 |
_12001#$aПолька - Юлька$dPolka - Julka$zeng _1215##$aС.6-7 _1686##$aЩ954.298-058.55(2Р=Р)$vLBC/SL$2rubbk _tПолька - Юлька |
|
| 464 | 0 |
_12001#$aПроснись и действуй$e(Юмореска)$dTo waken and to work$e(Humoreska)$zeng _1215##$aС.8-9 _1686##$aЩ954.298-058.8(2Р=Р)$vLBC/SL$2rubbk _tПроснись и действуй |
|
| 464 | 0 |
_12001#$aТрудный урок$e(Этюд)$dDiffikalet lesson$e(Etude)$zeng _1215##$aС.10-11 _1686##$aЩ954.294-058.2(2Р=Р)$vLBC/SL$2rubbk _tТрудный урок |
|
| 464 | 0 |
_12001#$aПасмурное утро$e(Прелюдия)$dMisty Morning$e(Prelude)$zeng _1215##$aС.12 _1686##$aЩ954.298-058.4(2Р=Р)$vLBC/SL$2rubbk _tПасмурное утро |
|
| 464 | 0 |
_12001#$aПейзаж с дождём$e(Ноктюрн)$dLandscape with rain$e(Nocturne)$zeng _1215##$aС.13-15 _1686##$aЩ954.298-058.7(2Р=Р)$vLBC/SL$2rubbk _tПейзаж с дождём |
|
| 464 | 0 |
_12001#$aСолнечные зайчики$e(Инвенция)$dSunligt reflection$e(Invention)$zeng _1215##$aС.16-17 _1686##$aЩ954.298-045(2Р=Р)$vLBC/SL$2rubbk _tСолнечные зайчики |
|
| 464 | 0 |
_12001#$aКолыбельная$dLullaby$zeng _1215##$aС.18-19 _1686##$aЩ954.298-058.3(2Р=Р)$vLBC/SL$2rubbk _tКолыбельная |
|
| 464 | 0 |
_12001#$aЦирк приехал$e(Скерцо)$dCircus coming$e(Scherzo)$zeng _1215##$aС.20-23 _1686##$aЩ954.298-056(2Р=Р)$vLBC/SL$2rubbk _tЦирк приехал |
|
| 464 | 0 |
_12001#$aЛетний вальс$e(Танец)$dSummer waltz$e(Dance)$zeng _1215##$aС.24-26 _1686##$aЩ954.298-058.55(2Р=Р)$vLBC/SL$2rubbk _tЛетний вальс |
|
| 464 | 0 |
_12001#$aНа лесной опушке$e(Вариации)$dOn forest glade$e(Variations)$zeng _1215##$aС.27-31 _1686##$aЩ954.298-055(2Р=Р)$vLBC/SL$2rubbk _tНа лесной опушке |
|
| 464 | 0 |
_12001#$aКаникулы$e(Рондо)$dHolidays$e(Rondo)$zeng _1215##$aС.32-37 _1686##$aЩ954.298-056(2Р=Р)$vLBC/SL$2rubbk _tКаникулы |
|
| 464 | 0 |
_12001#$aСказка$dFairy - tale$zeng _1215##$aС.38-41 _1686##$aЩ954.298-058.9(2Р=Р)$vLBC/SL$2rubbk _tСказка |
|
| 464 | 0 |
_12001#$aСтаринный танец$dOld - fashioned dance$zeng _1215##$aС.42-45 _1686##$aЩ954.298-058.55(2Р=Р)$vLBC/SL$2rubbk _tСтаринный танец |
|
| 464 | 0 |
_12001#$aШкольный день$e(Сонатина)$dSchool day$e(Sonatina)$zeng _1215##$aС.46-51 _1686##$aЩ954.295-041(2Р=Р)$vLBC/SL$2rubbk _tШкольный день |
|
| 686 |
_aЩ954.298(2Р=Р)я44 _vLBC/SL _2rubbk |
||
| 686 |
_aЩ985.42(2Р=Р)я44 _vLBC/SL _2rubbk |
||
| 700 | 1 |
_9z02790 _aСоловьев _bВ. Г. _f1937- _gВладислав Георгиевич _4230 _4450 _4320 _7ca |
|
| 790 | 1 |
_9z02700 _aSolov`yev _bV. G. _f1937- _gVladislav Georgievich _4230 _4450 _4320 |
|
| 801 | 0 |
_aRU _bNLR _c20110209 _gPSBO |
|
| 801 | 1 |
_aRU _bNLR _c20110209 _2rusmarc |
|
| 801 | 2 |
_aRU _bNLR _c20190302 |
|
| 852 |
_aNLR _bМ _j986/287 _p280890 _t1 |
||
| 942 | _cSCORE | ||
| 980 | _aNB | ||
| 980 | _aONIZ | ||